000 00437nam a2200157Ia 4500
999 _c5813
_d5813
003 OSt
005 20200109145134.0
008 190216s9999||||xx |||||||||||||| ||und||
040 _coclc
082 _a651.75
_bNAY/C
100 _aNayyar O P
_91113
245 0 _aCommercial Correspondence /
_cO.P Nayyar
260 _bKIng Books,
_c2000.
_aDelhi:
300 _a248p
942 _cBK
_2ddc
_h651.75
_iNAY/C
_k651.75
_mNAY/C